000 00924cad a22002055a 4500
001 L149872
008 100510s20100430xxk f 000 0 eng d
035 _a(Sirsi) u149872
041 0 _aeng
050 0 4 _a333.33 $2 18
110 2 _aLloyds Banking Group
_95822
245 0 0 _aHalifax House Price Index
_bUnited Kingdom 1 Quarter 2010
_h[electronic resource]
260 _aLondon
_bLloydsbankinggroup
_c2010
520 _aUnited Kingdom house prices increased by 0.6% (seasonally adjusted) in 1 quarter 2010 and compared with 1 quarter 2009 were 5.2% higher. House prices increased across all regions except Northern Ireland.
590 _aKA
651 4 _aUnited Kingdom
_y
690 _aPROPERTY-RESIDENTIAL PROPERTY-RESIDENTIAL PROPERTY MARKET
856 4 8 _uhttps://www.lloydsbankinggroup.com/media/pdfs/research/Q1_2010/UKOverviewQ12010.pdf
_zView this item free of charge at www.lloydsbankinggroup.com
942 _n0
999 _c110655
_d110655